| 000 | 00678nam a22001937a 4500 | ||
|---|---|---|---|
| 005 | 20251108171113.0 | ||
| 008 | 250721s1997 xx 000 0 ara d | ||
| 082 | 1 | 4 | _a214.2/دنى |
| 100 | 1 | _aإبن أبي الدنيا، عبد الله بن محمد بن عبيد | |
| 245 | 1 | 0 | _aصفة أهل الجنة و ما اعد الله لأهلها من النعيم / |
| 264 | 1 |
_aعمان : _bدار البشير، _c1997. |
|
| 300 | _a294ص | ||
| 650 | 1 | 7 | _aأصول الدين الإسلامي |
| 650 | 1 | 7 | _aالحديث الشريف |
| 650 | 1 | 7 | _aالجنة |
| 700 | 1 |
_aالعساسله، عبد الرحيم أحمد _eتحقيق |
|
| 942 |
_2ddc _cBK |
||
| 999 |
_c56715 _d56715 |
||